| 000 | 00884nam a2200253 i 4500 | ||
|---|---|---|---|
| 001 | 187020 | ||
| 003 | SpMaBN | ||
| 005 | 20230906222810.0 | ||
| 008 | 170329s1992 sp abeo |||| | spa d | ||
| 020 | _a84-7719-299-5 | ||
| 080 | _a334.782(460.181 Astorga)"13/14" | ||
| 080 | _a255(460.181 Astorga)"13/14" | ||
| 100 | 1 |
_aCavero Domínguez, Gregoria. _937185 |
|
| 245 | 1 | 4 |
_aLas cofradías en Astorga durante la Edad Media / _cGregoria Cavero Domínguez. |
| 260 |
_aLeón : _bUniversidad, Secretariado de Publicaciones, _c1992. |
||
| 300 |
_a289 p., [1] h. pleg. : _bil., fot., mapas, planos ; _c24 cm. |
||
| 500 | _aÍndice. | ||
| 500 | _aApéndice documental. | ||
| 504 | _aBibliografía: p. 23-30. | ||
| 650 | 7 |
_aCofradías- _zAstorga- _vHistoria. _9162233 |
|
| 650 | 7 |
_aGremios- _zAstorga. _9162234 |
|
| 710 | 2 |
_aUniversidad de León. _97200 |
|
| 852 |
_aES-MaACL _jL-31339 |
||
| 999 |
_c187020 _d187020 |
||